| 000 | 01986nas a22003615i 4500 | ||
|---|---|---|---|
| 001 | 3091-4493 | ||
| 003 | DE-He213 | ||
| 005 | 20260304140730.0 | ||
| 007 | cr nn 008mamaa | ||
| 008 | 150723s||||||||sz uu poo|||||| b|EN |d | ||
| 022 | _a3091-4493 | ||
| 024 | 7 |
_a12932 _2local |
|
| 210 | 1 | 0 | _aBiogeochem. Adv. |
| 245 | 1 | 0 |
_aBiogeochemical Advances _h[electronic resource] / _cedited by Jeremy Fein, Gregory K. Druschel, Yoko Furukawa, Daniel S. Alessi. |
| 264 | 1 |
_aCham : _bSpringer International Publishing : _bImprint: BioMed Central. |
|
| 300 | _bonline resource. | ||
| 520 | _aBiogeochemical Advances is an interdisciplinary forum for research at the intersection of chemistry, biology, and Earth system science. The journal publishes high-quality papers that explore the chemical and biochemical processes shaping natural environments, as well as the ecological and geochemical consequences of human activities. We welcome contributions that investigate the natural cycling of elements, the chemical interactions between organisms and their environment, and the fate and transformation of both naturally occurring and anthropogenic substances across ecosystems. | ||
| 650 | 0 | _aGeochemistry. | |
| 650 | 0 | _aEnvironmental chemistry. | |
| 650 | 0 | _aChemistry. | |
| 650 | 0 | _aPhysical geography. | |
| 650 | 1 | 4 | _aGeochemistry. |
| 650 | 2 | 4 | _aEnvironmental Chemistry. |
| 650 | 2 | 4 | _aChemistry. |
| 650 | 2 | 4 | _aEarth System Sciences. |
| 700 | 1 |
_aFein, Jeremy. _eeditor. _4edt _4http://id.loc.gov/vocabulary/relators/edt _919170 |
|
| 700 | 1 |
_aDruschel, Gregory K. _eeditor. _4edt _4http://id.loc.gov/vocabulary/relators/edt _919171 |
|
| 700 | 1 |
_aFurukawa, Yoko. _eeditor. _4edt _4http://id.loc.gov/vocabulary/relators/edt _919172 |
|
| 700 | 1 |
_aAlessi, Daniel S. . _eeditor. _4edt _4http://id.loc.gov/vocabulary/relators/edt _924221 |
|
| 710 | 2 | _aSpringerLink (Online service) | |
| 856 | 4 | 0 |
_uhttp://link.springer.com/journal/12932 _zOpen Access |
| 999 |
_c579955 _d579955 |
||